Where's the rest of me? : the autobiography of Ronald Reagan /

Bibliographic Details
Main Author: Reagan, Ronald
Other Authors: Hubler, Richard Gibson, 1912-
Format: Book
Language:English
Published: New York : Karz Publishers, 1981
Subjects:

MARC

Tag First Indicator Second Indicator Subfields
LEADER 00000cam a2200000 a 4500
001 in00000092791
005 20150923173247.0
008 810428c1981 nyua 00110aeng d
010 |a  65001164  
020 |a 0918294169 
035 |a (OCoLC)07370679 
035 |9 AAK7796AM 
040 |a TLM  |c TLM  |d GZU  |d OCL  |d TXA  |d UtOrBLW 
049 |a TXAM  |c [801081] 
090 |a PN2287 R25  |b  A3 1981 
092 |a 92  |b R2878 
100 1 |a Reagan, Ronald. 
245 1 0 |a Where's the rest of me? :  |b the autobiography of Ronald Reagan /  |c with Richard G. Hubler. 
264 1 |a New York :  |b Karz Publishers,  |c 1981 
264 4 |c ©1965 
300 |a 316 pages, 6 unnumbered pages of plates :  |b illustrations ;  |c 22 cm. 
336 |a text  |b txt  |2 rdacontent 
337 |a unmediated  |b n  |2 rdamedia 
338 |a volume  |b nc  |2 rdacarrier 
500 |a Includes index. 
600 1 0 |a Reagan, Ronald. 
650 0 |a Motion picture actors and actresses  |v Biography. 
700 1 |a Hubler, Richard Gibson,  |d 1912- 
999 |a MARS 
999 f f |s 42892d6a-bf39-31c9-ac39-86c2145db46b  |i a1e10c10-47a1-33b4-ae1e-985355bec676  |t 0 
952 f f |p ric  |a Texas A&M University  |b Rellis Campus  |c Joint Library Facility  |d Remote Storage  |t 0  |e PN2287 R25 A3 1981  |h Library of Congress classification  |i unmediated -- volume  |m A14806274604 
998 f f |a PN2287 R25 A3 1981  |t 0  |l Remote Storage